LEADER 01298nam0 22003011i 450 001 UON00300382 005 20231205104001.431 010 $a08-01-81985-7 100 $a20070907d1978 |0itac50 ba 101 $aeng 102 $aUS 105 $a|||| 1|||| 200 1 $aShakespeare and the popular tradition in the theatre$estudies in the social dimension of dramatic form and function$fRobert Weimann$gedited by Robert Schwartz 210 $aBaltimore and London$cThe Johns Hopkins University Press$d1978 215 $axxii, 325 p.$d24 cm. 606 $aShakespeare William$3UONC038333$2FI 606 $aTEATRO INGLESE$xSec. 14.-17.$xStudi$3UONC066395$2FI 620 $aUS$dBaltimore, Maryland$3UONL001567 620 $aGB$dLondon$3UONL003044 676 $a792.0942$cTeatro inglese$v21 700 1$aWEIMANN$bRobert$3UONV134906$0163891 712 $aJohns Hopkins University Press$3UONV246657$4650 801 $aIT$bSOL$c20250704$gRICA 899 $aSIBA - SISTEMA BIBLIOTECARIO DI ATENEO$2UONSI 912 $aUON00300382 950 $aSIBA - SISTEMA BIBLIOTECARIO DI ATENEO$dSI Angl II C 511 $eSI LO 13657 5 511 996 $aShakespeare and the popular tradition in the theatre$91381008 997 $aUNIOR